[Event "Open"]
[Site "Maastricht, NL"]
[Date "2024.05.20"]
[Round "6"]
[White "Van Osch, Mees"]
[Black "Gurevich, Mikhail"]
[Result "0-1"]
[Board "3"]
[WhiteFideId "1035967"]
[BlackFideId "200930"]
[WhiteTitle "FM"]
[BlackTitle "GM"]
[WhiteElo "2377"]
[BlackElo "2562"]
[WhiteTeam "NED"]
[BlackTeam "BEL"]
[WhiteClock "0:00:38"]
[BlackClock "0:10:55"]
[Variant "Standard"]

1. e4 {[%clk 2:00:29]}  d6 {[%clk 1:56:46]} 2. d4 {[%clk 2:00:38]}  g6 {[%clk 1:56:56]} 3. Nc3 {[%clk 2:00:49]}  Bg7 {[%clk 1:57:06]} 4. Be3 {[%clk 2:00:59]}  a6 {[%clk 1:56:01]} 5. h4 {[%clk 2:00:44]}  h5 {[%clk 1:55:17]} 6. Nh3 {[%clk 2:00:43]}  Bxh3 {[%clk 1:52:58]} 7. Rxh3 {[%clk 2:00:53]}  Nc6 {[%clk 1:53:01]} 8. d5 {[%clk 1:41:55]}  Nb8 {[%clk 1:48:24]} 9. g4 {[%clk 1:40:41]}  hxg4 {[%clk 1:42:59]} 10. Qxg4 {[%clk 1:40:41]}  Bxc3+ {[%clk 1:39:56]} 11. bxc3 {[%clk 1:40:52]}  Nf6 {[%clk 1:40:06]} 12. Qe2 {[%clk 1:36:07]}  c5 {[%clk 1:36:32]} 13. Bg2 {[%clk 1:33:17]}  Nbd7 {[%clk 1:32:17]} 14. f4 {[%clk 1:33:03]}  Qc7 {[%clk 1:32:28]} 15. Rb1 {[%clk 1:26:35]}  Rb8 {[%clk 1:22:11]} 16. a4 {[%clk 1:24:07]}  Qa5 {[%clk 1:16:44]} 17. Bc1 {[%clk 1:14:12]}  Qxa4 {[%clk 1:07:53]} 18. c4 {[%clk 1:09:37]}  Qa2 {[%clk 1:02:09]} 19. Rb2 {[%clk 1:01:24]}  Qa1 {[%clk 0:54:09]} 20. Kd1 {[%clk 1:01:01]}  Kd8 {[%clk 0:54:19]} 21. e5 {[%clk 0:40:09]}  Nh5 {[%clk 0:53:10]} 22. Rhb3 {[%clk 0:38:44]}  Nxf4 {[%clk 0:51:25]} 23. Qf3 {[%clk 0:38:13]}  Nxg2 {[%clk 0:46:38]} 24. exd6 {[%clk 0:33:06]}  exd6 {[%clk 0:45:43]} 25. Ra3 {[%clk 0:32:15]}  Nxh4 {[%clk 0:45:20]} 26. Qc3 {[%clk 0:31:10]}  Qxa3 {[%clk 0:45:27]} 27. Qxa3 {[%clk 0:31:20]}  Nf5 {[%clk 0:45:36]} 28. Bf4 {[%clk 0:27:52]}  Kc8 {[%clk 0:43:29]} 29. Rb3 {[%clk 0:26:40]}  Rh1+ {[%clk 0:40:05]} 30. Kd2 {[%clk 0:23:22]}  Rf1 {[%clk 0:38:55]} 31. Rf3 {[%clk 0:13:10]}  Rxf3 {[%clk 0:35:33]} 32. Qxf3 {[%clk 0:13:04]}  Kc7 {[%clk 0:35:47]} 33. Qh3 {[%clk 0:12:22]}  Re8 {[%clk 0:35:42]} 34. Qh7 {[%clk 0:08:39]}  Re4 {[%clk 0:34:45]} 35. Qh2 {[%clk 0:04:30]}  Rxc4 {[%clk 0:33:56]} 36. Kc1 {[%clk 0:04:16]}  Nb6 {[%clk 0:22:57]} 37. Bg5 {[%clk 0:02:58]}  Nd4 {[%clk 0:21:51]} 38. Qh7 {[%clk 0:02:46]}  Rxc2+ {[%clk 0:21:38]} 39. Kd1 {[%clk 0:02:52]}  Rf2 {[%clk 0:20:32]} 40. Bd8+ {[%clk 0:02:48]}  Kxd8 {[%clk 0:20:15]} 41. Qh4+ {[%clk 0:03:02]}  Ke8 {[%clk 0:19:34]} 42. Qxf2 {[%clk 0:03:12]}  Nxd5 {[%clk 0:19:43]} 43. Qh2 {[%clk 0:03:10]}  Ne3+ {[%clk 0:14:19]} 44. Kc1 {[%clk 0:03:17]}  Ndf5 {[%clk 0:14:17]} 45. Qh8+ {[%clk 0:03:16]}  Ke7 {[%clk 0:14:10]} 46. Qa8 {[%clk 0:03:03]}  b5 {[%clk 0:14:22]} 47. Qxa6 {[%clk 0:02:45]}  b4 {[%clk 0:14:34]} 48. Qb7+ {[%clk 0:02:28]}  Kf6 {[%clk 0:14:42]} 49. Qb8 {[%clk 0:02:28]}  Kg7 {[%clk 0:12:56]} 50. Qb6 {[%clk 0:01:54]}  g5 {[%clk 0:11:10]} 51. Qd8 {[%clk 0:02:07]}  Kg6 {[%clk 0:11:19]} 52. Qg8+ {[%clk 0:02:14]}  Ng7 {[%clk 0:11:28]} 53. Qd8 {[%clk 0:02:01]}  Nef5 {[%clk 0:11:37]} 54. Qa8 {[%clk 0:01:48]}  g4 {[%clk 0:11:39]} 55. Kb2 {[%clk 0:01:17]}  g3 {[%clk 0:11:44]} 56. Qe4 {[%clk 0:01:25]}  Kg5 {[%clk 0:11:45]} 57. Qd5 {[%clk 0:01:16]}  Ne6 {[%clk 0:11:52]} 58. Qa8 {[%clk 0:01:19]}  Kg4 {[%clk 0:11:10]} 59. Qg8+ {[%clk 0:01:02]}  Ng5 {[%clk 0:11:14]} 60. Qa8 {[%clk 0:01:15]}  Nd4 {[%clk 0:11:16]} 61. Qh1 {[%clk 0:00:34]}  f5 {[%clk 0:11:11]} 62. Qd1+ {[%clk 0:00:45]}  Ndf3 {[%clk 0:10:46]} 63. Qe2 {[%clk 0:00:36]}  d5 {[%clk 0:10:50]} 64. Kc2 {[%clk 0:00:38]}  Nh3 {[%clk 0:10:55]} 0-1

[Event "Open"]
[Site "Maastricht, NL"]
[Date "2024.05.20"]
[Round "6"]
[White "Fromm, Marius"]
[Black "Beerdsen, Thomas"]
[Result "1/2-1/2"]
[Board "4"]
[WhiteFideId "12993190"]
[BlackFideId "1030108"]
[WhiteTitle "IM"]
[BlackTitle "GM"]
[WhiteElo "2466"]
[BlackElo "2501"]
[WhiteTeam "GER"]
[BlackTeam "NED"]
[WhiteClock "0:57:07"]
[BlackClock "0:54:58"]
[Variant "Standard"]

1. e4 {[%clk 1:56:16]}  c5 {[%clk 1:56:19]} 2. Nf3 {[%clk 1:56:21]}  Nc6 {[%clk 1:56:27]} 3. Bb5 {[%clk 1:56:28]}  e6 {[%clk 1:56:19]} 4. Bxc6 {[%clk 1:54:37]}  bxc6 {[%clk 1:54:46]} 5. d3 {[%clk 1:54:48]}  Qc7 {[%clk 1:54:27]} 6. e5 {[%clk 1:48:25]}  f6 {[%clk 1:52:49]} 7. Bf4 {[%clk 1:48:31]}  Ne7 {[%clk 1:49:08]} 8. O-O {[%clk 1:42:14]}  fxe5 {[%clk 1:38:45]} 9. Bxe5 {[%clk 1:41:46]}  d6 {[%clk 1:38:54]} 10. Bg3 {[%clk 1:41:50]}  Nf5 {[%clk 1:29:51]} 11. Nh4 {[%clk 1:41:29]}  Nxh4 {[%clk 1:18:08]} 12. Bxh4 {[%clk 1:41:38]}  Be7 {[%clk 1:17:29]} 13. Bxe7 {[%clk 1:36:11]}  Qxe7 {[%clk 1:17:14]} 14. f4 {[%clk 1:33:14]}  O-O {[%clk 1:16:52]} 15. Nd2 {[%clk 1:29:11]}  Bd7 {[%clk 1:11:49]} 16. Nc4 {[%clk 1:23:16]}  Rf5 {[%clk 1:09:59]} 17. Qd2 {[%clk 1:22:30]}  Raf8 {[%clk 1:09:16]} 18. Rae1 {[%clk 1:19:23]}  e5 {[%clk 1:01:30]} 19. Qc1 {[%clk 0:57:00]}  Be6 {[%clk 0:55:43]} 20. fxe5 {[%clk 0:57:05]}  Rxf1+ {[%clk 0:55:21]} 21. Rxf1 {[%clk 0:57:12]}  Rxf1+ {[%clk 0:54:58]} 22. Qxf1 {[%clk 0:57:07]} 1/2-1/2

[Event "Open"]
[Site "Maastricht, NL"]
[Date "2024.05.20"]
[Round "6"]
[White "Wirig, Anthony"]
[Black "Elgersma, Onno"]
[Result "1/2-1/2"]
[Board "5"]
[WhiteFideId "615013"]
[BlackFideId "1053531"]
[WhiteTitle "GM"]
[BlackTitle "FM"]
[WhiteElo "2453"]
[BlackElo "2327"]
[WhiteTeam "FRA"]
[BlackTeam "NED"]
[WhiteClock "0:16:47"]
[BlackClock "0:32:57"]
[Variant "Standard"]

1. Nf3 {[%clk 2:00:06]}  Nf6 {[%clk 2:00:00]} 2. g3 {[%clk 1:59:30]}  d5 {[%clk 1:58:12]} 3. Bg2 {[%clk 1:58:58]}  e6 {[%clk 1:57:47]} 4. O-O {[%clk 1:57:41]}  Be7 {[%clk 1:56:08]} 5. d4 {[%clk 1:53:48]}  O-O {[%clk 1:55:19]} 6. c4 {[%clk 1:51:05]}  a5 {[%clk 1:51:25]} 7. Qc2 {[%clk 1:46:18]}  Nbd7 {[%clk 1:50:37]} 8. Bg5 {[%clk 1:37:11]}  dxc4 {[%clk 1:32:55]} 9. Qxc4 {[%clk 1:34:33]}  b5 {[%clk 1:21:19]} 10. Qxb5 {[%clk 1:13:11]}  Ba6 {[%clk 1:21:18]} 11. Qc6 {[%clk 1:12:10]}  Bxe2 {[%clk 1:20:22]} 12. Re1 {[%clk 1:11:40]}  Ra6 {[%clk 1:16:55]} 13. Qc2 {[%clk 1:08:23]}  Bxf3 {[%clk 1:11:07]} 14. Bxf3 {[%clk 1:08:31]}  h6 {[%clk 1:06:17]} 15. Be3 {[%clk 1:01:16]}  Nd5 {[%clk 1:02:36]} 16. Nc3 {[%clk 0:57:58]}  c6 {[%clk 0:54:07]} 17. Na4 {[%clk 0:54:38]}  N7f6 {[%clk 0:51:51]} 18. Bd2 {[%clk 0:51:39]}  Qb8 {[%clk 0:44:27]} 19. a3 {[%clk 0:41:11]}  Rc8 {[%clk 0:43:25]} 20. Rac1 {[%clk 0:38:52]}  Ra7 {[%clk 0:39:47]} 21. Kg2 {[%clk 0:34:41]}  Bf8 {[%clk 0:39:21]} 22. h4 {[%clk 0:33:16]}  Qb5 {[%clk 0:35:50]} 23. Be2 {[%clk 0:23:28]}  Qb7 {[%clk 0:35:19]} 24. Bf3 {[%clk 0:23:00]}  Qb5 {[%clk 0:32:46]} 25. Be2 {[%clk 0:20:51]}  Qb7 {[%clk 0:32:57]} 26. Bf3 {[%clk 0:16:47]} 1/2-1/2

[Event "Open"]
[Site "Maastricht, NL"]
[Date "2024.05.20"]
[Round "6"]
[White "Harff, Marcel"]
[Black "Vrolijk, Liam"]
[Result "1/2-1/2"]
[Board "6"]
[WhiteFideId "24621382"]
[BlackFideId "1048333"]
[WhiteTitle "FM"]
[BlackTitle "GM"]
[WhiteElo "2315"]
[BlackElo "2552"]
[WhiteTeam "GER"]
[BlackTeam "NED"]
[WhiteClock "0:51:30"]
[BlackClock "0:23:52"]
[Variant "Standard"]

1. c4 {[%clk 2:00:25]}  e5 {[%clk 1:47:08]} 2. Nc3 {[%clk 2:00:25]}  Nf6 {[%clk 1:47:05]} 3. e3 {[%clk 1:59:52]}  Nc6 {[%clk 1:45:08]} 4. Nf3 {[%clk 1:59:58]}  Bb4 {[%clk 1:45:08]} 5. Qc2 {[%clk 2:00:02]}  O-O {[%clk 1:44:34]} 6. Be2 {[%clk 1:52:55]}  Re8 {[%clk 1:37:57]} 7. d3 {[%clk 1:51:20]}  Bxc3+ {[%clk 1:31:03]} 8. Qxc3 {[%clk 1:50:08]}  d5 {[%clk 1:31:09]} 9. O-O {[%clk 1:47:41]}  Bg4 {[%clk 1:26:07]} 10. cxd5 {[%clk 1:43:22]}  Nxd5 {[%clk 1:25:09]} 11. Qc4 {[%clk 1:40:47]}  Qd7 {[%clk 1:23:10]} 12. a3 {[%clk 1:31:53]}  a5 {[%clk 1:20:36]} 13. b3 {[%clk 1:29:19]}  Rad8 {[%clk 1:15:22]} 14. Rd1 {[%clk 1:27:26]}  Nb6 {[%clk 1:06:08]} 15. Qc2 {[%clk 1:27:13]}  f6 {[%clk 1:00:11]} 16. Bb2 {[%clk 1:24:56]}  Re6 {[%clk 0:59:36]} 17. h3 {[%clk 1:16:49]}  Bh5 {[%clk 0:58:10]} 18. Rac1 {[%clk 1:15:59]}  Rd6 {[%clk 0:47:00]} 19. b4 {[%clk 1:09:26]}  axb4 {[%clk 0:43:37]} 20. axb4 {[%clk 1:09:32]}  Nxb4 {[%clk 0:31:05]} 21. Qb3+ {[%clk 0:50:40]}  N4d5 {[%clk 0:27:24]} 22. Nxe5 {[%clk 0:50:48]}  Qa4 {[%clk 0:26:43]} 23. Qxa4 {[%clk 0:50:57]}  Nxa4 {[%clk 0:26:52]} 24. Bxh5 {[%clk 0:51:08]}  Nxb2 {[%clk 0:26:45]} 25. Rd2 {[%clk 0:51:18]}  fxe5 {[%clk 0:23:59]} 26. Rxb2 {[%clk 0:51:26]}  b6 {[%clk 0:23:52]} 27. Bf3 {[%clk 0:51:30]} 1/2-1/2

[Event "Open"]
[Site "Maastricht, NL"]
[Date "2024.05.20"]
[Round "6"]
[White "Leenhouts, Koen"]
[Black "Pirard, Natan"]
[Result "1-0"]
[Board "7"]
[WhiteFideId "1008439"]
[BlackFideId "235725"]
[WhiteTitle "GM"]
[BlackTitle "FM"]
[WhiteElo "2453"]
[BlackElo "2307"]
[WhiteTeam "NED"]
[BlackTeam "BEL"]
[WhiteClock "0:21:38"]
[BlackClock "0:00:42"]
[Variant "Standard"]

1. d4 {[%clk 2:00:27]}  Nf6 {[%clk 1:47:14]} 2. c4 {[%clk 2:00:39]}  e6 {[%clk 1:47:24]} 3. Nc3 {[%clk 2:00:47]}  d5 {[%clk 1:44:42]} 4. cxd5 {[%clk 2:00:53]}  exd5 {[%clk 1:44:51]} 5. Bg5 {[%clk 2:01:01]}  c6 {[%clk 1:45:02]} 6. e3 {[%clk 2:01:09]}  Qb6 {[%clk 1:44:24]} 7. Qd2 {[%clk 1:58:13]}  Ne4 {[%clk 1:42:58]} 8. Nxe4 {[%clk 1:58:21]}  dxe4 {[%clk 1:43:10]} 9. Ne2 {[%clk 1:57:58]}  Bd6 {[%clk 1:42:10]} 10. Nc3 {[%clk 1:57:05]}  Bf5 {[%clk 1:42:17]} 11. f3 {[%clk 1:50:31]}  exf3 {[%clk 1:37:37]} 12. gxf3 {[%clk 1:50:06]}  h6 {[%clk 1:37:26]} 13. Bh4 {[%clk 1:49:47]}  Qc7 {[%clk 1:36:51]} 14. Bc4 {[%clk 1:44:14]}  Nd7 {[%clk 1:29:10]} 15. Ne4 {[%clk 1:18:55]}  Bxe4 {[%clk 1:20:23]} 16. fxe4 {[%clk 1:19:08]}  g5 {[%clk 1:20:06]} 17. Bf2 {[%clk 1:18:36]}  f6 {[%clk 1:15:23]} 18. O-O-O {[%clk 1:17:29]}  O-O-O {[%clk 1:14:35]} 19. Be6 {[%clk 1:16:59]}  Rhe8 {[%clk 0:37:34]} 20. Bf5 {[%clk 1:15:13]}  Kb8 {[%clk 0:36:48]} 21. h4 {[%clk 1:13:20]}  Bg3 {[%clk 0:21:38]} 22. hxg5 {[%clk 1:04:36]}  hxg5 {[%clk 0:21:47]} 23. Bxg3 {[%clk 0:57:00]}  Qxg3 {[%clk 0:21:53]} 24. e5 {[%clk 0:56:16]}  Qf3 {[%clk 0:17:35]} 25. e4 {[%clk 0:55:12]}  Nc5 {[%clk 0:12:02]} 26. Rh3 {[%clk 0:51:56]}  Nxe4 {[%clk 0:11:58]} 27. Rxf3 {[%clk 0:52:00]}  Nxd2 {[%clk 0:12:09]} 28. Rxd2 {[%clk 0:51:55]}  fxe5 {[%clk 0:12:16]} 29. dxe5 {[%clk 0:51:45]}  Rxd2 {[%clk 0:12:25]} 30. Kxd2 {[%clk 0:51:55]}  Rxe5 {[%clk 0:12:36]} 31. Bd3 {[%clk 0:50:44]}  Re7 {[%clk 0:11:44]} 32. Bg6 {[%clk 0:49:25]}  Re6 {[%clk 0:11:12]} 33. Rf8+ {[%clk 0:49:19]}  Kc7 {[%clk 0:11:22]} 34. Rf7+ {[%clk 0:49:28]}  Kb6 {[%clk 0:09:31]} 35. Bf5 {[%clk 0:49:36]}  Re8 {[%clk 0:09:13]} 36. Rg7 {[%clk 0:49:34]}  a5 {[%clk 0:09:08]} 37. Rxg5 {[%clk 0:49:33]}  Re5 {[%clk 0:09:09]} 38. Rh5 {[%clk 0:49:36]}  Rb5 {[%clk 0:08:43]} 39. Kc1 {[%clk 0:49:07]}  Rc5+ {[%clk 0:08:54]} 40. Kb1 {[%clk 0:49:13]}  Re5 {[%clk 0:08:25]} 41. Bg4 {[%clk 0:49:04]}  Re1+ {[%clk 0:07:11]} 42. Kc2 {[%clk 0:49:16]}  Rg1 {[%clk 0:07:06]} 43. Be2 {[%clk 0:48:21]}  Rg2 {[%clk 0:06:55]} 44. Re5 {[%clk 0:44:29]}  Rg7 {[%clk 0:06:36]} 45. Kc3 {[%clk 0:44:26]}  Rg3+ {[%clk 0:06:29]} 46. Bd3 {[%clk 0:44:28]}  Rg7 {[%clk 0:06:31]} 47. Rh5 {[%clk 0:43:55]}  Rf7 {[%clk 0:06:23]} 48. Rh7 {[%clk 0:43:13]}  Rf4 {[%clk 0:06:21]} 49. Re7 {[%clk 0:42:19]}  Rf3 {[%clk 0:06:18]} 50. a4 {[%clk 0:38:15]}  Rg3 {[%clk 0:05:41]} 51. b3 {[%clk 0:38:14]}  Rf3 {[%clk 0:05:50]} 52. Kd4 {[%clk 0:38:07]}  Rh3 {[%clk 0:05:28]} 53. Bc4 {[%clk 0:38:01]}  Rh4+ {[%clk 0:04:58]} 54. Ke5 {[%clk 0:37:34]}  Rh2 {[%clk 0:04:06]} 55. Be6 {[%clk 0:37:04]}  Re2+ {[%clk 0:04:11]} 56. Kf6 {[%clk 0:37:00]}  Rf2 {[%clk 0:03:27]} 57. Kg7 {[%clk 0:36:56]}  Re2 {[%clk 0:03:17]} 58. Kf7 {[%clk 0:37:02]}  Rf2+ {[%clk 0:01:48]} 59. Ke8 {[%clk 0:30:59]}  Rh2 {[%clk 0:02:02]} 60. Rg7 {[%clk 0:29:25]}  Rh8+ {[%clk 0:01:38]} 61. Kd7 {[%clk 0:29:24]}  Rf8 {[%clk 0:01:29]} 62. Re7 {[%clk 0:24:32]}  Rh8 {[%clk 0:01:39]} 63. Bf7 {[%clk 0:24:35]}  Rf8 {[%clk 0:00:34]} 64. Be8 {[%clk 0:24:26]}  Kc5 {[%clk 0:00:16]} 65. Kc7 {[%clk 0:23:56]}  b5 {[%clk 0:00:25]} 66. Bxc6 {[%clk 0:23:58]}  bxa4 {[%clk 0:00:36]} 67. Bxa4 {[%clk 0:23:51]}  Rf5 {[%clk 0:00:44]} 68. Kb7 {[%clk 0:23:41]}  Kb4 {[%clk 0:00:37]} 69. Re4+ {[%clk 0:23:31]}  Ka3 {[%clk 0:00:45]} 70. Kb6 {[%clk 0:23:37]}  Rg5 {[%clk 0:00:54]} 71. Rc4 {[%clk 0:23:46]}  Rf5 {[%clk 0:00:19]} 72. Rc5 {[%clk 0:23:50]}  Rf8 {[%clk 0:00:22]} 73. Rxa5 {[%clk 0:23:29]}  Rb8+ {[%clk 0:00:16]} 74. Kc5 {[%clk 0:23:34]}  Rc8+ {[%clk 0:00:22]} 75. Kd4 {[%clk 0:23:40]}  Rc7 {[%clk 0:00:33]} 76. Rb5 {[%clk 0:21:46]}  Rc8 {[%clk 0:00:39]} 77. Rb7 {[%clk 0:21:52]}  Rd8+ {[%clk 0:00:42]} 78. Bd7 {[%clk 0:21:38]} 1-0

[Event "Open"]
[Site "Maastricht, NL"]
[Date "2024.05.20"]
[Round "6"]
[White "Zepeda, Lorena"]
[Black "Lahaye, Rick"]
[Result "1-0"]
[Board "8"]
[WhiteFideId "6700233"]
[BlackFideId "1007092"]
[WhiteTitle "WIM"]
[WhiteElo "2092"]
[BlackElo "2423"]
[WhiteTeam "ESA"]
[BlackTeam "NED"]
[WhiteClock "0:02:02"]
[BlackClock "0:33:15"]
[Variant "Standard"]

1. e4 {[%clk 1:53:36]}  c5 {[%clk 2:00:24]} 2. Nf3 {[%clk 1:53:41]}  d6 {[%clk 2:00:34]} 3. d4 {[%clk 1:53:52]}  cxd4 {[%clk 2:00:44]} 4. Nxd4 {[%clk 1:54:02]}  Nf6 {[%clk 2:00:54]} 5. Nc3 {[%clk 1:54:02]}  Bd7 {[%clk 2:00:55]} 6. f3 {[%clk 1:53:03]}  e5 {[%clk 2:00:22]} 7. Nb3 {[%clk 1:53:00]}  Be7 {[%clk 1:59:54]} 8. Be3 {[%clk 1:52:21]}  O-O {[%clk 1:59:41]} 9. Qd2 {[%clk 1:51:40]}  a5 {[%clk 1:58:58]} 10. a4 {[%clk 1:50:44]}  Bc6 {[%clk 1:49:11]} 11. Bc4 {[%clk 1:37:55]}  Na6 {[%clk 1:48:52]} 12. O-O {[%clk 1:35:21]}  Nb4 {[%clk 1:48:04]} 13. Nd5 {[%clk 1:29:00]}  Bxd5 {[%clk 1:34:38]} 14. Bxd5 {[%clk 1:28:18]}  Nbxd5 {[%clk 1:34:43]} 15. exd5 {[%clk 1:28:26]}  Nd7 {[%clk 1:34:47]} 16. Qd3 {[%clk 1:17:24]}  Rc8 {[%clk 1:32:51]} 17. c3 {[%clk 1:13:12]}  b6 {[%clk 1:26:32]} 18. Nd2 {[%clk 1:08:36]}  Bg5 {[%clk 1:22:21]} 19. Bxg5 {[%clk 1:01:40]}  Qxg5 {[%clk 1:20:56]} 20. Ne4 {[%clk 1:01:01]}  Qe7 {[%clk 1:07:20]} 21. b4 {[%clk 0:54:13]}  Rc7 {[%clk 1:05:43]} 22. bxa5 {[%clk 0:49:34]}  f5 {[%clk 1:05:36]} 23. Ng3 {[%clk 0:48:08]}  Nc5 {[%clk 1:03:44]} 24. Qc2 {[%clk 0:45:59]}  bxa5 {[%clk 1:03:33]} 25. Nxf5 {[%clk 0:44:56]}  Qf6 {[%clk 1:01:40]} 26. Ng3 {[%clk 0:42:05]}  Qf4 {[%clk 1:01:48]} 27. Rfb1 {[%clk 0:26:19]}  g6 {[%clk 0:55:03]} 28. Rb5 {[%clk 0:24:06]}  Qe3+ {[%clk 0:53:40]} 29. Kh1 {[%clk 0:23:39]}  Nd3 {[%clk 0:52:39]} 30. Qe2 {[%clk 0:16:43]}  Nf2+ {[%clk 0:52:14]} 31. Kg1 {[%clk 0:16:52]}  Nh3+ {[%clk 0:52:23]} 32. Kh1 {[%clk 0:16:52]}  Qxc3 {[%clk 0:52:32]} 33. Qb2 {[%clk 0:10:48]}  Nf2+ {[%clk 0:35:22]} 34. Kg1 {[%clk 0:10:56]}  Qxb2 {[%clk 0:35:34]} 35. Rxb2 {[%clk 0:11:04]}  Nd3 {[%clk 0:35:46]} 36. Rb5 {[%clk 0:09:40]}  Rc2 {[%clk 0:34:05]} 37. Rab1 {[%clk 0:06:42]}  Nf4 {[%clk 0:33:17]} 38. R5b2 {[%clk 0:04:43]}  Rfc8 {[%clk 0:33:07]} 39. Rxc2 {[%clk 0:04:29]}  Rxc2 {[%clk 0:33:20]} 40. Rb8+ {[%clk 0:03:21]}  Kg7 {[%clk 0:33:15]} 41. Rb7+ {[%clk 0:02:02]}  Kh6 {[%clk 0:33:15]} 1-0

[Event "Open"]
[Site "Maastricht, NL"]
[Date "2024.05.20"]
[Round "6"]
[White "Braun, Christian"]
[Black "Baselmans, Luuk"]
[Result "1-0"]
[Board "9"]
[WhiteFideId "4692098"]
[BlackFideId "1051008"]
[WhiteTitle "IM"]
[BlackTitle "FM"]
[WhiteElo "2391"]
[BlackElo "2317"]
[WhiteTeam "GER"]
[BlackTeam "NED"]
[WhiteClock "1:06:23"]
[BlackClock "0:20:50"]
[Variant "Standard"]

1. Nf3 {[%clk 1:59:49]}  d5 {[%clk 2:00:09]} 2. g3 {[%clk 1:59:51]}  c5 {[%clk 1:59:48]} 3. Bg2 {[%clk 1:59:53]}  Nf6 {[%clk 1:59:44]} 4. O-O {[%clk 2:00:01]}  e6 {[%clk 1:59:46]} 5. c4 {[%clk 1:59:16]}  d4 {[%clk 1:58:59]} 6. e3 {[%clk 1:59:10]}  Nc6 {[%clk 1:58:56]} 7. exd4 {[%clk 1:56:34]}  cxd4 {[%clk 1:58:56]} 8. Re1 {[%clk 1:56:10]}  Bd6 {[%clk 1:56:31]} 9. d3 {[%clk 1:55:38]}  h6 {[%clk 1:53:44]} 10. Bd2 {[%clk 1:53:12]}  O-O {[%clk 1:50:35]} 11. Na3 {[%clk 1:51:42]}  e5 {[%clk 1:44:23]} 12. c5 {[%clk 1:51:17]}  Bxc5 {[%clk 1:40:10]} 13. Nxe5 {[%clk 1:47:08]}  Nxe5 {[%clk 1:40:08]} 14. Rxe5 {[%clk 1:47:13]}  Bd6 {[%clk 1:39:17]} 15. Re1 {[%clk 1:46:10]}  Be6 {[%clk 1:30:00]} 16. Nc4 {[%clk 1:45:36]}  Bd5 {[%clk 1:19:17]} 17. Bxd5 {[%clk 1:42:40]}  Nxd5 {[%clk 1:19:26]} 18. Bxh6 {[%clk 1:40:11]}  gxh6 {[%clk 1:06:11]} 19. Qg4+ {[%clk 1:40:18]}  Qg5 {[%clk 1:06:18]} 20. Qxg5+ {[%clk 1:39:57]}  hxg5 {[%clk 1:06:27]} 21. Nxd6 {[%clk 1:40:04]}  Nb4 {[%clk 0:57:04]} 22. Red1 {[%clk 1:37:53]}  Rad8 {[%clk 0:54:12]} 23. Nxb7 {[%clk 1:33:00]}  Rd5 {[%clk 0:53:46]} 24. a3 {[%clk 1:33:02]}  Rb8 {[%clk 0:51:46]} 25. Na5 {[%clk 1:28:28]}  Rxa5 {[%clk 0:48:16]} 26. axb4 {[%clk 1:28:37]}  Rxa1 {[%clk 0:43:42]} 27. Rxa1 {[%clk 1:28:46]}  Rxb4 {[%clk 0:43:50]} 28. Rxa7 {[%clk 1:28:56]}  Kg7 {[%clk 0:43:04]} 29. Ra6 {[%clk 1:22:26]}  g4 {[%clk 0:38:47]} 30. Kf1 {[%clk 1:19:02]}  f5 {[%clk 0:33:21]} 31. Ra3 {[%clk 1:11:05]}  Kf6 {[%clk 0:28:51]} 32. b3 {[%clk 1:10:31]}  Ke5 {[%clk 0:28:33]} 33. Ra5+ {[%clk 1:10:39]}  Ke6 {[%clk 0:28:41]} 34. Ra4 {[%clk 1:10:48]}  Rxb3 {[%clk 0:28:49]} 35. Rxd4 {[%clk 1:10:55]}  Rb1+ {[%clk 0:27:40]} 36. Kg2 {[%clk 1:09:12]}  Rb2 {[%clk 0:27:49]} 37. Rf4 {[%clk 1:09:10]}  Rd2 {[%clk 0:27:34]} 38. d4 {[%clk 1:09:20]}  Rd1 {[%clk 0:22:31]} 39. h3 {[%clk 1:09:17]}  gxh3+ {[%clk 0:22:38]} 40. Kxh3 {[%clk 1:09:26]}  Rh1+ {[%clk 0:22:35]} 41. Kg2 {[%clk 1:09:35]}  Rd1 {[%clk 0:22:32]} 42. f3 {[%clk 1:06:43]}  Rd2+ {[%clk 0:20:53]} 43. Kh3 {[%clk 1:06:31]}  Rd3 {[%clk 0:20:56]} 44. Kh4 {[%clk 1:06:23]}  Kd5 {[%clk 0:20:50]} 1-0

[Event "Open"]
[Site "Maastricht, NL"]
[Date "2024.05.20"]
[Round "7"]
[White "Gurevich, Mikhail"]
[Black "Kunin, Vitaly"]
[Result "1-0"]
[Board "1"]
[WhiteFideId "200930"]
[BlackFideId "4128737"]
[WhiteTitle "GM"]
[BlackTitle "GM"]
[WhiteElo "2562"]
[BlackElo "2522"]
[WhiteTeam "BEL"]
[BlackTeam "GER"]
[WhiteClock "0:40:19"]
[BlackClock "0:28:17"]
[Variant "Standard"]

1. c4 {[%clk 1:58:47]}  e5 {[%clk 1:59:15]} 2. Nc3 {[%clk 1:58:48]}  Nf6 {[%clk 1:59:11]} 3. Nf3 {[%clk 1:58:56]}  Nc6 {[%clk 1:59:12]} 4. a3 {[%clk 1:59:05]}  g6 {[%clk 1:59:14]} 5. d3 {[%clk 1:58:53]}  Bg7 {[%clk 1:58:52]} 6. g3 {[%clk 1:58:54]}  O-O {[%clk 1:58:38]} 7. Bg2 {[%clk 1:59:06]}  d6 {[%clk 1:58:27]} 8. O-O {[%clk 1:59:01]}  Nd4 {[%clk 1:58:15]} 9. Nd2 {[%clk 1:58:44]}  c6 {[%clk 1:56:24]} 10. e3 {[%clk 1:58:52]}  Ne6 {[%clk 1:49:41]} 11. Nf3 {[%clk 1:55:50]}  Re8 {[%clk 1:45:19]} 12. h3 {[%clk 1:50:49]}  Bd7 {[%clk 1:42:05]} 13. e4 {[%clk 1:48:18]}  Nd4 {[%clk 1:34:10]} 14. b4 {[%clk 1:36:38]}  Nxf3+ {[%clk 1:33:12]} 15. Qxf3 {[%clk 1:36:39]}  Rf8 {[%clk 1:30:55]} 16. Bd2 {[%clk 1:27:04]}  Ne8 {[%clk 1:29:40]} 17. Rae1 {[%clk 1:22:30]}  f5 {[%clk 1:26:38]} 18. exf5 {[%clk 1:21:30]}  Bxf5 {[%clk 1:23:59]} 19. g4 {[%clk 1:18:20]}  Bd7 {[%clk 1:22:49]} 20. Qg3 {[%clk 1:18:29]}  Bf6 {[%clk 1:12:01]} 21. Ne4 {[%clk 1:16:21]}  Bh4 {[%clk 1:11:18]} 22. Qe3 {[%clk 1:16:31]}  Qe7 {[%clk 1:09:37]} 23. d4 {[%clk 1:12:26]}  Be6 {[%clk 1:07:03]} 24. Qd3 {[%clk 0:58:43]}  d5 {[%clk 0:57:19]} 25. cxd5 {[%clk 0:53:42]}  cxd5 {[%clk 0:57:27]} 26. Nc5 {[%clk 0:53:35]}  e4 {[%clk 0:57:27]} 27. Bxe4 {[%clk 0:52:16]}  dxe4 {[%clk 0:57:15]} 28. Rxe4 {[%clk 0:52:23]}  Nc7 {[%clk 0:53:07]} 29. Qe2 {[%clk 0:50:38]}  Qd6 {[%clk 0:34:47]} 30. Nxe6 {[%clk 0:47:38]}  Nxe6 {[%clk 0:34:50]} 31. Rxe6 {[%clk 0:47:43]}  Qxd4 {[%clk 0:34:26]} 32. Bh6 {[%clk 0:46:45]}  Rfd8 {[%clk 0:33:31]} 33. g5 {[%clk 0:46:04]}  Qd5 {[%clk 0:30:11]} 34. Re5 {[%clk 0:45:19]}  Qb3 {[%clk 0:29:12]} 35. Re3 {[%clk 0:40:55]}  Qf7 {[%clk 0:28:17]} 36. Qg4 {[%clk 0:40:19]} 1-0